000
00275nam a2200121Ia 4500
008
190216s9999||||xx |||||||||||||| ||und||
100
_a
Attoor Ravi Varma
245
0
_a
Kavitha
260
_b
Poorna Pubs Kozhikode
_c
1987
300
_a
60p
650
_a
Kavithkal
942
_c
BK
999
_c
25627
_d
25627